000 00626nam a2200205Ia 4500
003 GCL
008 140319s9999 xx 000 0 ara d
040 _aGCL /
_cGCL
082 0 4 _a157.94
_bى ش
100 1 _aيوسف مراد
245 1 0 _aشفاء النفس /
_cيوسف مراد
260 _aالقاهرة :
_bمطبعة المعارف ومكتبتها بمصر ،
_c1943
300 _a134 ص ؛
_c17 سم
490 _aاقرأ
_v10
650 0 4 _aعلم النفس
650 0 4 _aالتحليل النفسى
650 0 4 _aالعلاج النفسى
650 0 4 _aالامراض النفسية
942 _2ddc
_cBK
999 _c46940
_d46940